الشوقيات : (رقم التسجيلة. 17251)

تفاصيل مارك
000 -LEADER
fixed length control field 00555nam a22001937a 4500
005 - DATE AND TIME OF LATEST TRANSACTION
control field 20251108164917.0
008 - FIXED-LENGTH DATA ELEMENTS--GENERAL INFORMATION
fixed length control field 250721s1988 xx 000 0 ara d
082 14 - DEWEY DECIMAL CLASSIFICATION NUMBER
Classification number 811.962/أحم
100 1# - MAIN ENTRY--PERSONAL NAME
Personal name شوقي، أحمد
245 10 - TITLE STATEMENT
Title الشوقيات :
Remainder of title شعر /
264 1# - PRODUCTION, PUBLICATION, DISTRIBUTION, MANUFACTURE, AND COPYRIGHT NOTICE
Place of production, publication, distribution, manufacture بيروت :
Name of producer, publisher, distributor, manufacturer دار العودة،
Date of production, publication, distribution, manufacture, or copyright notice 1988.
300 ## - PHYSICAL DESCRIPTION
Extent 4ج في 2 مج
500 ## - GENERAL NOTE
General note يوجد نسخة في قاعة المراجع
650 17 - SUBJECT ADDED ENTRY--TOPICAL TERM
Topical term or geographic name as entry element الشعر العربي
650 17 - SUBJECT ADDED ENTRY--TOPICAL TERM
Topical term or geographic name as entry element العصر الحديث
650 17 - SUBJECT ADDED ENTRY--TOPICAL TERM
Topical term or geographic name as entry element مصر
942 ## - ADDED ENTRY ELEMENTS (KOHA)
Source of classification or shelving scheme Dewey Decimal Classification
Koha item type مراجع
المقتنيات
حالة السحب حالة الفقدان مصدر التصنيف حالة التلف غير قابل للإعارة المكتبة الرئيسية المكتبة الحالية موقع الرف تاريخ التزويد الرقم المتسلسل Total Checkouts رقم الإستدعاء الباركود تاريخ آخر ظهور تاريخ الفاتورة نوع المادة (كوها)
    Dewey Decimal Classification     المكتبة المركزية المكتبة المركزية الإعارة 12/07/2004 160216   811.962/أحم 160216 28/07/2025 12/07/2004 مراجع
    Dewey Decimal Classification   Not For Loan المكتبة المركزية المكتبة المركزية مراجع 12/07/2004 160218   811.962/أحم 160218 28/07/2025 12/07/2004 مراجع
    Dewey Decimal Classification   Not For Loan المكتبة المركزية المكتبة المركزية مراجع 12/07/2004 160219   811.962/أحم 160219 28/07/2025 12/07/2004 مراجع
    Dewey Decimal Classification     المكتبة المركزية المكتبة المركزية الإعارة 12/07/2004 160217   811.962/أحم 160217 28/07/2025 12/07/2004 مراجع
    Dewey Decimal Classification     المكتبة المركزية المكتبة المركزية الإعارة 12/07/2004 160214   811.962/أحم 160214 28/07/2025 12/07/2004 مراجع
    Dewey Decimal Classification Unchecked   مكتبة الأميرة ايمان العامة مكتبة الأميرة ايمان العامة الإعارة 12/07/2004 552   811.962/أحم   28/07/2025 12/07/2004 مراجع
    Dewey Decimal Classification Unchecked   مكتبة الأميرة ايمان العامة مكتبة الأميرة ايمان العامة الإعارة 12/07/2004 553   811.962/أحم   28/07/2025 12/07/2004 مراجع
    Dewey Decimal Classification Unchecked   مكتبة النصر العامة مكتبة النصر العامة الإعارة 12/07/2004 4438   811.962/أحم   28/07/2025 12/07/2004 مراجع
    Dewey Decimal Classification Unchecked   مكتبة النصر العامة مكتبة النصر العامة الإعارة 12/07/2004 4439   811.962/أحم   28/07/2025 12/07/2004 مراجع
    Dewey Decimal Classification Unchecked   مكتبة صويلح العامة مكتبة صويلح العامة الإعارة 12/07/2004 5700   811.962/أحم   28/07/2025 12/07/2004 مراجع
    Dewey Decimal Classification Unchecked   مكتبة صويلح العامة مكتبة صويلح العامة الإعارة 12/07/2004 5701   811.962/أحم   28/07/2025 12/07/2004 مراجع
Implemented & Customized by: BBB with SCIT (Smart Chains for Information Technology)

Powered by Koha